| 000 | 00755nam a22002057a 4500 | ||
|---|---|---|---|
| 999 |
_c20906 _d20906 |
||
| 003 | AR-CdUCM | ||
| 008 | 190402b ||||| |||| 00| 0 spa d | ||
| 040 |
_aMUNICIPALIDAD PROVINCIAL DEL CUSCO _cBIBLIOTECA MUNICIPAL DEL CUSCO |
||
| 082 |
_aEP / 376.16 / _bC26 |
||
| 100 |
_aCarvallo de Núñez, Carlota _928103 |
||
| 245 |
_aLa niña del espejo : _bY otros cuentos / |
||
| 260 |
_bEl Monigote de papel, _aLima : _c1990. |
||
| 300 |
_bIlustraciones, _c34 cm. _a107 páginas ; |
||
| 505 | _aContenido : La niña del espejo -- Ojo de plata -- El Monigote de papel -- La mujer del Chirecles... | ||
| 650 |
_a Literatura infantil _9588 |
||
| 650 |
_aCuentos. _9217 |
||
| 700 |
_aPatrucco, Charo (ilustración) _943628 |
||
| 942 |
_2ddc _cLIBROS |
||
| 945 | _arcc | ||